Biostatistique et probabilités (Record no. 51595)

MARC details
000 -LEADER
fixed length control field 00426nam a22001577a 4500
008 - FIXED-LENGTH DATA ELEMENTS--GENERAL INFORMATION
fixed length control field 130626t xxu||||| |||| 00| 0 eng d
020 ## - INTERNATIONAL STANDARD BOOK NUMBER
International Standard Book Number 978-2-7298-6156-0
100 ## - MAIN ENTRY--PERSONAL NAME
Personal name MERCIER M
9 (RLIN) 24847
245 ## - TITLE STATEMENT
Title Biostatistique et probabilités
Remainder of title : UE 4
Statement of responsibility, etc / M , MERCIER
250 ## - EDITION STATEMENT
Edition statement 2 è Ed.
260 ## - PUBLICATION, DISTRIBUTION, ETC. (IMPRINT)
Place of publication, distribution, etc Paris :
Name of publisher, distributor, etc Ellipses,
Date of publication, distribution, etc 2011
300 ## - PHYSICAL DESCRIPTION
Extent 241 p.
440 ## - SERIES STATEMENT/ADDED ENTRY--TITLE
Title ( PACES )
9 (RLIN) 24848
500 ## - GENERAL NOTE
General note Compr. Annexes
942 ## - ADDED ENTRY ELEMENTS (KOHA)
Item type Livre
Holdings
Withdrawn status Lost status Damaged status Not for loan Location (home branch) Sublocation or collection (holding branch) Date acquired Source of acquisition Koha issues (times borrowed) Piece designation (barcode) Koha date last seen Copy number Price effective from Koha item type Public note
        Centre de Documentation et d'Information de l'Institut Regional Santé Publique Centre de Documentation et d'Information de l'Institut Regional Santé Publique 26/06/2013 Achat   6033CDIRSP 26/06/2013 1 26/06/2013 Livre Exclu du prêt


© 2008, Bibliothèques de l'Université d'Abomey-Calavi

04 BP 789 Cotonou, Tél. : +229 21 36 01 01, Fax : +229 21 35 06 32

Courriel : bu@bu.uac.bj